000 00967nam a22002417a 4500
005 20240530110555.0
008 160302s2013 ua g b 000 0 ara d
017 _a2012/23458
_bمصر . دار الكتب المصرية
020 _a9789774312612
040 _aEG-CaGPL
082 0 4 _221
_a374.8\
_bم أ
100 0 _aمحمد مصطفى عبداللطيف
245 1 0 _aادوار الجمعيات الاهلية و المجتمع المدنى تجاخ المتحررين من الامية /
_cتاليف محمد مصطفى عبداللطيف
250 _aط1
260 _aالقاهرة :
_bمؤسسة طيبة للنشر و التوزيع ،
_c2013
300 _a320 ص ؛
_c24 سم .
504 _aيشتمل على ارجاعات ببليوجرافية
650 0 4 _aالجمعيات الاهلية
650 0 4 _aالمجتمع المدنى
650 0 4 _aمحو الامية
942 _2ddc
_cBK
999 _c62555
_d62555